[Event "DVM U20 2014"]
[Site "Naumburg (Saale) GER"]
[Date "2014.12.28"]
[Round "4"]
[White "Zimmermann, Ulrich"]
[Black "Grigorian, Spartak"]
[Result "1/2-1/2"]
[Termination "normal"]
[Board "1.1"]
[WhiteElo "2345"]
[BlackElo "2244"]
[WhiteClock "00:26:44"]
[BlackClock "00:59:05"]
[WhiteTeam "SK Bebenhausen"]
[BlackTeam "SK Wildeshausen"]
[PlyCount "42"]
[WhiteFideId "24654523"]
[BlackFideId "24661490"]
[EventCountry "GER"]
[EventRounds "7"]
[EventType "team-swiss"]
[EventDate "2014.12.26"]

1. Nf3 Nf6 2. c4 e6 3. g3 d5 4. Bg2 dxc4 5. Qa4+ Nbd7 6. Qxc4 c5 7. O-O b6 8.
d3 Bb7 9. Nc3 a6 10. a4 Bd6 11. Bf4 Qc7 12. Bxd6 Qxd6 13. Rfd1 Rc8 14. Qh4 O-O
15. d4 Rfd8 16. e4 cxd4 17. Rxd4 Qc7 18. Rad1 Nf8 19. Qg5 Rxd4 20. Rxd4 N6d7
21. Qe7 Ne5 1/2-1/2

[Event "DVM U20 2014"]
[Site "Naumburg (Saale) GER"]
[Date "2014.12.28"]
[Round "4"]
[White "Reuker, Jari"]
[Black "Braun, Georg"]
[Result "1/2-1/2"]
[Termination "normal"]
[Board "1.2"]
[WhiteElo "1903"]
[BlackElo "2229"]
[WhiteClock "00:18:14"]
[BlackClock "00:19:51"]
[WhiteTeam "SK Wildeshausen"]
[BlackTeam "SK Bebenhausen"]
[PlyCount "115"]
[WhiteFideId "12909300"]
[BlackFideId "24629383"]
[EventCountry "GER"]
[EventRounds "7"]
[EventType "team-swiss"]
[EventDate "2014.12.26"]

1. e4 c6 2. Nc3 d5 3. Qe2 d4 4. Nd1 c5 5. g3 Nc6 6. d3 e5 7. Bg2 Bd6 8. f4 Nge7
9. Nf3 f6 10. O-O Be6 11. f5 Bf7 12. g4 g5 13. fxg6 hxg6 14. Ne1 Ng8 15. g5
fxg5 16. Nf2 Be7 17. Qf3 Nh6 18. Qg3 Qd6 19. Bxg5 Bxg5 20. Qxg5 Qe7 21. Nf3
Qxg5 22. Nxg5 Ke7 23. Bh3 Raf8 24. Ng4 Nxg4 25. Bxg4 b6 26. a3 Be8 27. Kg2 Nd8
28. Rf3 Rxf3 29. Nxf3 Nc6 30. Rf1 Rf8 31. Nh4 Rxf1 32. Kxf1 Bf7 33. Kf2 Na5 34.
Bc8 c4 35. Ke2 cxd3+ 36. cxd3 Nb3 37. Nf3 Kd6 38. Ng5 Bg8 39. Ba6 Nc5 40. Bb5
Ne6 41. Nxe6 Bxe6 42. Be8 g5 43. Kd2 Bb3 44. Bb5 Ke7 45. Bc6 Kf6 46. Bd7 Be6
47. Bxe6 Kxe6 48. h3 Kf6 49. Ke2 Kg6 50. Kf3 Kh5 51. Kg3 b5 52. b4 a6 53. Kg2
Kh4 54. Kh2 g4 55. hxg4 Kxg4 56. Kg2 Kf4 57. Kf2 Kg4 58. Kg2 1/2-1/2

[Event "DVM U20 2014"]
[Site "Naumburg (Saale) GER"]
[Date "2014.12.28"]
[Round "4"]
[White "Gibicar, Danijel"]
[Black "Peters, Tom"]
[Result "1/2-1/2"]
[Termination "normal"]
[Board "1.3"]
[WhiteElo "2142"]
[BlackElo "1922"]
[WhiteClock "00:06:38"]
[BlackClock "00:05:13"]
[WhiteTeam "SK Bebenhausen"]
[BlackTeam "SK Wildeshausen"]
[PlyCount "73"]
[WhiteFideId "24660256"]
[BlackFideId "24694444"]
[EventCountry "GER"]
[EventRounds "7"]
[EventType "team-swiss"]
[EventDate "2014.12.26"]

1. d4 d6 2. e4 Nf6 3. Nc3 e5 4. Nf3 Nbd7 5. Bc4 Be7 6. O-O c6 7. a4 O-O 8. Re1
b6 9. b3 Bb7 10. Bb2 Qc7 11. Bd3 a6 12. Ne2 Rfe8 13. Ng3 Bf8 14. h3 g6 15. c3
Rad8 16. Qc2 Bg7 17. a5 b5 18. c4 bxc4 19. Bxc4 exd4 20. Bxd4 c5 21. Bc3 d5 22.
exd5 Bxd5 23. Bxd5 Nxd5 24. Bxg7 Kxg7 25. Qc4 Nb4 26. Qc3+ Kg8 27. Ne4 Qc6 28.
Ng3 Qf6 29. Rxe8+ Rxe8 30. Qxf6 Nxf6 31. Rc1 Nd7 32. Rd1 Re7 33. Nf1 Nc6 34.
Ne3 Nxa5 35. Nd5 Re2 36. b4 cxb4 37. Nxb4 1/2-1/2

[Event "DVM U20 2014"]
[Site "Naumburg (Saale) GER"]
[Date "2014.12.28"]
[Round "4"]
[White "Finke, Maurice"]
[Black "Kaulich, Philipp Theodor"]
[Result "0-1"]
[Termination "normal"]
[Board "1.4"]
[WhiteElo "1989"]
[BlackElo "2126"]
[WhiteClock "00:19:27"]
[BlackClock "00:07:50"]
[WhiteTeam "SK Wildeshausen"]
[BlackTeam "SK Bebenhausen"]
[PlyCount "66"]
[WhiteFideId "12909580"]
[BlackFideId "4641582"]
[EventCountry "GER"]
[EventRounds "7"]
[EventType "team-swiss"]
[EventDate "2014.12.26"]

1. d4 f5 2. Nc3 Nf6 3. Bg5 d5 4. Bxf6 exf6 5. e3 Be6 6. Bd3 Nc6 7. Nge2 Qd7 8.
Na4 b6 9. c3 g6 10. b4 Ne7 11. Nb2 Nc8 12. b5 Nd6 13. Qb3 a6 14. Nf4 axb5 15.
Nxd5 Kf7 16. Nxb6 Bxb3 17. Nxd7 Rxa2 18. Rxa2 Bxa2 19. Kd2 Bd5 20. f3 Bh6 21.
Ra1 Re8 22. f4 Re7 23. Nc5 Bxg2 24. Ra7 g5 25. fxg5 Bxg5 26. Nd1 h5 27. Be2 h4
28. Ke1 h3 29. Kf2 f4 30. e4 Bh4+ 31. Kg1 Nxe4 32. Nd3 f3 33. Bf1 Nd2 0-1

[Event "DVM U20 2014"]
[Site "Naumburg (Saale) GER"]
[Date "2014.12.28"]
[Round "4"]
[White "Kean, Christopher"]
[Black "Ngo, Minh Duc"]
[Result "0-1"]
[Termination "normal"]
[Board "1.5"]
[WhiteElo "2003"]
[BlackElo "2024"]
[WhiteClock "00:02:23"]
[BlackClock "00:46:09"]
[WhiteTeam "SK Bebenhausen"]
[BlackTeam "SK Wildeshausen"]
[PlyCount "126"]
[WhiteFideId "1272061"]
[BlackFideId "12942693"]
[EventCountry "GER"]
[EventRounds "7"]
[EventType "team-swiss"]
[EventDate "2014.12.26"]

1. d4 Nf6 2. Bg5 Ne4 3. h4 c5 4. d5 Qb6 5. Qc1 g6 6. Nf3 Bg7 7. c3 Qd6 8. Qd1
e6 9. Nbd2 Nxg5 10. hxg5 exd5 11. Nc4 Qe6 12. Ne3 d4 13. cxd4 cxd4 14. Nc2 d3
15. Qxd3 Bxb2 16. Rh4 O-O 17. Rb1 Qxa2 18. Nb4 Bc3+ 19. Kd1 Bxb4 20. Rbxb4 Nc6
21. Ra4 Qb2 22. Qd6 b5 23. Raf4 Qb1+ 24. Kd2 Qa2+ 25. Kd1 Qb3+ 26. Kd2 Qe6 27.
Qa3 Ne5 28. Qa1 Nxf3+ 29. gxf3 Qd5+ 30. Ke1 Qxg5 31. Rfg4 Qe7 32. Re4 Qd8 33.
Qd4 d5 34. Rxh7 Kxh7 35. Rh4+ Qxh4 36. Qxh4+ Kg8 37. e3 Be6 38. Qf6 Bf5 39.
Bxb5 Rab8 40. Bc6 Rb1+ 41. Kd2 Rb6 42. e4 dxe4 43. Ke3 Rc8 44. fxe4 Rbxc6 45.
Qa1 Rc3+ 46. Kf4 R8c4 47. f3 Be6 48. Qxa7 Rb3 49. Qa8+ Rc8 50. Qa5 Rcc3 51.
Qd8+ Kg7 52. Qd4+ Kh7 53. Ke5 Rxf3 54. Qd8 Rb5+ 55. Kd4 Rh5 56. Qe7 Rfh3 57.
Qf6 R3h4 58. Qe7 Rg4 59. Qd8 Rhh4 60. Ke5 Rxe4+ 61. Kf6 Rhf4+ 62. Ke7 Bd7+ 63.
Kf8 Re8+ 0-1

[Event "DVM U20 2014"]
[Site "Naumburg (Saale) GER"]
[Date "2014.12.28"]
[Round "4"]
[White "Schumann, Steffen"]
[Black "Alber, Alexander"]
[Result "1/2-1/2"]
[Termination "normal"]
[Board "1.6"]
[WhiteElo "1828"]
[BlackElo "1919"]
[WhiteClock "00:22:06"]
[BlackClock "00:45:01"]
[WhiteTeam "SK Wildeshausen"]
[BlackTeam "SK Bebenhausen"]
[PlyCount "85"]
[WhiteFideId "24686891"]
[BlackFideId "4640039"]
[EventCountry "GER"]
[EventRounds "7"]
[EventType "team-swiss"]
[EventDate "2014.12.26"]

1. e4 c5 2. Nc3 Nc6 3. Nge2 g6 4. d4 cxd4 5. Nxd4 Bg7 6. Be3 Nf6 7. Bc4 O-O 8.
Bb3 d6 9. f3 h5 10. Qd2 Nxd4 11. Bxd4 Bd7 12. O-O-O b5 13. h4 b4 14. Nd5 Nxd5
15. Bxg7 Kxg7 16. Qxd5 a5 17. Qd4+ Kh7 18. g4 a4 19. Bd5 Rb8 20. gxh5 gxh5 21.
Rdg1 f6 22. Rg3 e6 23. Rhg1 Qe7 24. Bc4 Rg8 25. Qf2 Qf7 26. f4 Rxg3 27. Rxg3
Rg8 28. f5 Rxg3 29. Qxg3 Qe8 30. Qxd6 exf5 31. Qxf6 Qg6 32. Qe7+ Qg7 33. Qxg7+
Kxg7 34. exf5 Bxf5 35. Bb5 a3 36. bxa3 bxa3 37. Kd2 Kf6 38. Be8 Be6 39. Bxh5
Bxa2 40. c3 Bc4 41. Kc2 Kf5 42. Be8 Kg4 43. h5 1/2-1/2

[Event "DVM U20 2014"]
[Site "Naumburg (Saale) GER"]
[Date "2014.12.28"]
[Round "4"]
[White "Kotainy, Jens"]
[Black "Kramer, Julian"]
[Result "1-0"]
[Termination "normal"]
[Board "2.1"]
[WhiteTitle "IM"]
[WhiteElo "2397"]
[BlackElo "2234"]
[WhiteClock "00:30:46"]
[BlackClock "00:31:50"]
[WhiteTeam "SG Bochum"]
[BlackTeam "Hamburger SK von 1830"]
[PlyCount "89"]
[WhiteFideId "24670499"]
[BlackFideId "12921742"]
[EventCountry "GER"]
[EventRounds "7"]
[EventType "team-swiss"]
[EventDate "2014.12.26"]

1. e4 c5 2. Nc3 a6 3. g3 b5 4. Bg2 Bb7 5. d3 g6 6. Be3 d6 7. Qd2 Bg7 8. Nge2
Nd7 9. O-O e6 10. d4 cxd4 11. Bxd4 Ne5 12. Rad1 Ne7 13. b3 O-O 14. f4 Ng4 15.
Bxg7 Kxg7 16. Qxd6 Qxd6 17. Rxd6 Rfd8 18. Rfd1 Rxd6 19. Rxd6 Bc6 20. Nd4 Rc8
21. Bf3 h5 22. h3 Be8 23. Nd1 Nf6 24. Rxa6 Rd8 25. Rxe6 Neg8 26. e5 Rxd4 27.
exf6+ Nxf6 28. Re3 Bd7 29. Nf2 Rd6 30. c4 bxc4 31. bxc4 Ra6 32. a3 Ra4 33. Rc3
Be6 34. c5 Bd5 35. Kg2 Bxf3+ 36. Kxf3 Nd5 37. Rd3 Nc7 38. Ne4 Nb5 39. Nd6 Nd4+
40. Ke3 Nc2+ 41. Kd2 Nxa3 42. c6 Nc4+ 43. Nxc4 Rxc4 44. Rc3 Rd4+ 45. Ke3 1-0

[Event "DVM U20 2014"]
[Site "Naumburg (Saale) GER"]
[Date "2014.12.28"]
[Round "4"]
[White "Uksini, Bardhyl"]
[Black "Thanabalasingam, Ajandhan"]
[Result "1-0"]
[Termination "normal"]
[Board "2.2"]
[WhiteElo "2204"]
[BlackElo "2007"]
[WhiteClock "00:45:06"]
[BlackClock "00:06:16"]
[WhiteTeam "Hamburger SK von 1830"]
[BlackTeam "SG Bochum"]
[PlyCount "33"]
[WhiteFideId "1628313"]
[BlackFideId "24601659"]
[EventCountry "GER"]
[EventRounds "7"]
[EventType "team-swiss"]
[EventDate "2014.12.26"]

1. d4 g6 2. e4 Bg7 3. c4 e6 4. Nc3 Ne7 5. Nf3 d5 6. Bd3 Nbc6 7. e5 dxc4 8. Bxc4
Nf5 9. Be3 f6 10. d5 Nxe3 11. fxe3 Nxe5 12. Nxe5 fxe5 13. O-O Qe7 14. Qb3 Bf6
15. dxe6 c6 16. Ne4 Rf8 17. Rad1 1-0

[Event "DVM U20 2014"]
[Site "Naumburg (Saale) GER"]
[Date "2014.12.28"]
[Round "4"]
[White "Grötzbach, Julian"]
[Black "Stricker, Florian"]
[Result "1/2-1/2"]
[Termination "normal"]
[Board "2.4"]
[WhiteElo "2201"]
[BlackElo "2148"]
[WhiteClock "00:03:38"]
[BlackClock "00:07:58"]
[WhiteTeam "Hamburger SK von 1830"]
[BlackTeam "SG Bochum"]
[PlyCount "180"]
[WhiteFideId "24600938"]
[BlackFideId "12976385"]
[EventCountry "GER"]
[EventRounds "7"]
[EventType "team-swiss"]
[EventDate "2014.12.26"]

1. e4 e6 2. d4 d5 3. Nd2 Nf6 4. e5 Nfd7 5. f4 c5 6. Ngf3 Nc6 7. Nb3 cxd4 8.
Nbxd4 Be7 9. c3 Ndb8 10. Be3 Nxd4 11. Nxd4 Nc6 12. Bd3 Bd7 13. O-O Nxd4 14.
Bxd4 Qc8 15. Qg4 g6 16. Qe2 Bc5 17. Qe3 Bxd4 18. Qxd4 Qc6 19. Rfd1 Qb6 20. Qxb6
axb6 21. Kf2 Ke7 22. Ke3 Bc6 23. Bc2 Rhd8 24. Rd4 Kd7 25. a3 Kc7 26. Rf1 Kd7
27. Rb4 Kc7 28. Rd4 Kd7 29. Rf3 h5 30. Rf2 Kc7 31. Kf3 Kd7 32. Kg3 Ke7 33. Rb4
b5 34. Rd4 Bd7 35. Kf3 Rdc8 36. Ke3 Rc4 37. Bb3 Rxd4 38. Kxd4 Rc8 39. Rf3 Kf8
40. Rd3 Ke7 41. Ke3 Bc6 42. Kd4 Bd7 43. Ke3 Bc6 44. g3 Be8 45. Rd4 Bc6 46. Bc2
Ra8 47. Rb4 Kd7 48. Kd4 Kc7 49. Kc5 b6+ 50. Kd4 Ra7 51. Ke3 Ra8 52. Rd4 Re8 53.
Bd3 Ra8 54. Bc2 Re8 55. Kf2 Kd7 56. Kg2 Ke7 57. Kh3 Kf8 58. Kh4 Kg7 59. Kg5 Rc8
60. Bd3 Ra8 61. Bc2 Re8 62. Rb4 Ra8 63. h3 Bd7 64. g4 hxg4 65. hxg4 Ra7 66. f5
exf5 67. gxf5 gxf5 68. Bxf5 Bc6 69. Rh4 Rc7 70. Rh7+ Kg8 71. Kf6 Be8 72. e6 Rc6
73. Rg7+ Kf8 74. Rh7 Kg8 75. Rh2 Bd7 76. Re2 fxe6 77. Bxe6+ Kf8 78. Kf5 Rxe6
79. Rxe6 Kf7 80. Ke5 Bxe6 81. Kd6 Kf6 82. Kc6 Ke5 83. Kxb5 Ke4 84. Kxb6 Bd7 85.
Kc5 Kd3 86. Kxd5 Kc2 87. Kc5 Kxb2 88. Kb4 Kc2 89. a4 Bxa4 90. Kxa4 Kxc3 1/2-1/2

[Event "DVM U20 2014"]
[Site "Naumburg (Saale) GER"]
[Date "2014.12.28"]
[Round "4"]
[White "Pilat, Fabian"]
[Black "Hinrichs, Jan"]
[Result "1/2-1/2"]
[Termination "normal"]
[Board "2.5"]
[WhiteElo "1919"]
[BlackElo "2195"]
[WhiteClock "00:17:55"]
[BlackClock "00:19:48"]
[WhiteTeam "SG Bochum"]
[BlackTeam "Hamburger SK von 1830"]
[PlyCount "57"]
[WhiteFideId "24683396"]
[BlackFideId "12907294"]
[EventCountry "GER"]
[EventRounds "7"]
[EventType "team-swiss"]
[EventDate "2014.12.26"]

1. d4 d5 2. Nf3 Nf6 3. e3 c5 4. Bd3 b6 5. b3 e6 6. Nbd2 Bb7 7. Bb2 Be7 8. O-O
Nbd7 9. Ne5 O-O 10. f4 Ne4 11. Nxe4 dxe4 12. Bc4 Nxe5 13. dxe5 Qxd1 14. Raxd1
Rfd8 15. a4 h5 16. Kf2 Rxd1 17. Rxd1 Rd8 18. Rxd8+ Bxd8 19. g3 Kh7 20. h3 g5
21. Be2 Kg6 22. c4 a5 23. Bc3 Be7 24. Bb2 Bf8 25. fxg5 Kxg5 26. h4+ Kg6 27. g4
hxg4 28. Bxg4 Bh6 29. Bc3 1/2-1/2

[Event "DVM U20 2014"]
[Site "Naumburg (Saale) GER"]
[Date "2014.12.28"]
[Round "4"]
[White "Grötzbach, Daniel"]
[Black "Rempe, Moritz"]
[Result "1/2-1/2"]
[Termination "normal"]
[Board "2.6"]
[WhiteElo "1930"]
[BlackElo "1951"]
[WhiteClock "00:15:27"]
[BlackClock "00:00:56"]
[WhiteTeam "Hamburger SK von 1830"]
[BlackTeam "SG Bochum"]
[PlyCount "110"]
[WhiteFideId "24692166"]
[BlackFideId "12906867"]
[EventCountry "GER"]
[EventRounds "7"]
[EventType "team-swiss"]
[EventDate "2014.12.26"]

1. e4 e6 2. d4 d5 3. Nd2 Nf6 4. e5 Nfd7 5. f4 c5 6. Ngf3 Nc6 7. Nb3 Qb6 8. c3
Be7 9. Be2 cxd4 10. Nfxd4 Nxd4 11. Nxd4 Bc5 12. O-O Nb8 13. Kh1 Nc6 14. Nb3 Be7
15. Qd3 Qc7 16. Qg3 g6 17. Be3 Bd7 18. Qf2 h5 19. Rac1 O-O 20. Rg1 Kg7 21. Bd3
Rh8 22. c4 d4 23. Nxd4 Nxd4 24. Bxd4 Bc6 25. Be2 Rhd8 26. Rgd1 b6 27. Bf3 Rd7
28. f5 Bf8 29. Bxc6 Qxc6 30. fxg6 fxg6 31. Rf1 Kh7 32. b3 Bh6 33. Rcd1 Rf8 34.
Qe2 Rdf7 35. Rxf7+ Rxf7 36. Bg1 Rd7 37. Rd3 Qc7 38. Rxd7+ Qxd7 39. Qb2 Bf8 40.
Qd4 Qxd4 41. Bxd4 g5 42. g3 Kg6 43. Kg2 Kf5 44. Kf3 Be7 45. h3 g4+ 46. hxg4+
hxg4+ 47. Ke3 Bb4 48. Ke2 Ke4 49. Ba1 a6 50. Bb2 Bc5 51. Bc3 a5 52. Bb2 Be7 53.
Bc3 Bc5 54. Bb2 Bf8 55. Bc3 Bc5 1/2-1/2

[Event "DVM U20 2014"]
[Site "Naumburg (Saale) GER"]
[Date "2014.12.28"]
[Round "4"]
[White "Xu, Xianliang"]
[Black "Zolfagharian, Kevin"]
[Result "0-1"]
[Termination "normal"]
[Board "3.2"]
[WhiteElo "2113"]
[BlackElo "2144"]
[WhiteTeam "SG Porz"]
[BlackTeam "SG Solingen"]
[PlyCount "78"]
[WhiteFideId "4603230"]
[BlackFideId "12933570"]
[EventCountry "GER"]
[EventRounds "7"]
[EventType "team-swiss"]
[EventDate "2014.12.26"]

1. c4 e5 2. g3 Nc6 3. Bg2 Bc5 4. Nc3 d6 5. e3 a6 6. Nge2 Ba7 7. O-O h5 8. d4 h4
9. b4 hxg3 10. fxg3 Qg5 11. Nd5 Bb8 12. b5 axb5 13. cxb5 Nce7 14. Nec3 Nxd5 15.
Nxd5 Ne7 16. b6 Nxd5 17. Bxd5 f5 18. dxe5 c6 19. Bf3 dxe5 20. Qc2 e4 21. Bd1
Be6 22. a4 Bd6 23. Qf2 O-O-O 24. Qg2 Rh6 25. Rb1 Rdh8 26. Rf4 Bxf4 27. exf4 Qd8
28. Be2 Qd4+ 29. Qf2 Qxf2+ 30. Kxf2 Rxh2+ 31. Ke3 Rg2 32. a5 Rhh2 33. Bf1 Rxg3+
34. Kd4 Ra2 35. Ke5 Rb3 36. Rxb3 Bxb3 37. Kxf5 Ra1 38. Kxe4 Rxc1 39. Bh3+ Kb8
0-1

[Event "DVM U20 2014"]
[Site "Naumburg (Saale) GER"]
[Date "2014.12.28"]
[Round "4"]
[White "Neumair, Jerome"]
[Black "Finke, Kai"]
[Result "1/2-1/2"]
[Termination "normal"]
[Board "3.3"]
[WhiteElo "2122"]
[BlackElo "2099"]
[WhiteTeam "SG Solingen"]
[BlackTeam "SG Porz"]
[PlyCount "41"]
[WhiteFideId "24672637"]
[BlackFideId "1270611"]
[EventCountry "GER"]
[EventRounds "7"]
[EventType "team-swiss"]
[EventDate "2014.12.26"]

1. d4 Nf6 2. c4 e6 3. Nc3 c5 4. d5 exd5 5. cxd5 d6 6. Nf3 g6 7. Bf4 a6 8. a4
Bg7 9. h3 O-O 10. e3 Nbd7 11. Be2 Qe7 12. Nd2 Ne5 13. O-O Rb8 14. e4 Ne8 15.
Bh2 g5 16. Qb3 Nc7 17. Qb6 Na8 18. Qb3 Nc7 19. Qb6 Na8 20. Qb3 Nc7 21. Qb6
1/2-1/2

[Event "DVM U20 2014"]
[Site "Naumburg (Saale) GER"]
[Date "2014.12.28"]
[Round "4"]
[White "Eigemann, Frederik"]
[Black "Reksten, Daniel"]
[Result "1/2-1/2"]
[Termination "normal"]
[Board "3.4"]
[WhiteElo "2015"]
[BlackElo "1895"]
[WhiteTeam "SG Porz"]
[BlackTeam "SG Solingen"]
[PlyCount "92"]
[WhiteFideId "24692034"]
[BlackFideId "24692590"]
[EventCountry "GER"]
[EventRounds "7"]
[EventType "team-swiss"]
[EventDate "2014.12.26"]

1. d4 d5 2. c4 e6 3. Nc3 Be7 4. cxd5 exd5 5. Bf4 Nf6 6. Qa4+ Bd7 7. Qb3 Bc8 8.
O-O-O O-O 9. f3 b6 10. e4 Be6 11. Qc2 Nc6 12. a3 Na5 13. Bd3 dxe4 14. fxe4 Bb3
15. Qd2 Bxd1 16. Qxd1 c5 17. d5 c4 18. Bc2 Nd7 19. Nf3 Nc5 20. d6 Nd3+ 21. Bxd3
Bxd6 22. Bxd6 Qxd6 23. Bc2 Rad8 24. Qxd6 Rxd6 25. e5 Rdd8 26. Nb5 a6 27. Nbd4
Rfe8 28. Rd1 Nb7 29. Nf5 Rxd1+ 30. Bxd1 f6 31. exf6 gxf6 32. Kd2 Kf7 33. Be2 b5
34. a4 Kg6 35. N3d4 Re5 36. g4 Nc5 37. axb5 axb5 38. Nd6 Na4 39. Kc2 Re3 40.
N6xb5 Nc5 41. Bxc4 Rh3 42. Nd6 Rxh2+ 43. Be2 Ne6 44. N6f5 Nf4 45. Kd1 Nxe2 46.
Nxe2 h5 1/2-1/2

[Event "DVM U20 2014"]
[Site "Naumburg (Saale) GER"]
[Date "2014.12.28"]
[Round "4"]
[White "Bashylin, Seva"]
[Black "Padva, Leo"]
[Result "1-0"]
[Termination "normal"]
[Board "3.5"]
[WhiteElo "1685"]
[BlackElo "1900"]
[WhiteTeam "SG Solingen"]
[BlackTeam "SG Porz"]
[PlyCount "97"]
[WhiteFideId "24688045"]
[BlackFideId "12964379"]
[EventCountry "GER"]
[EventRounds "7"]
[EventType "team-swiss"]
[EventDate "2014.12.26"]

1. d4 Nf6 2. Nf3 g6 3. Bf4 Bg7 4. h3 d6 5. e3 O-O 6. Be2 Nc6 7. c3 Bd7 8. O-O
Re8 9. Nbd2 e5 10. dxe5 dxe5 11. Bh2 e4 12. Nd4 Nxd4 13. exd4 Rc8 14. Nc4 Be6
15. Na5 Qd5 16. b4 b6 17. Nc4 Nd7 18. Ne3 Qg5 19. Ba6 Ra8 20. Bxc7 f5 21. g3
Qh6 22. h4 g5 23. hxg5 Qxg5 24. Bb7 Bf7 25. Bf4 Qg6 26. Bxa8 Rxa8 27. Rc1 Bf6
28. Ng2 Bg5 29. Qd2 Be7 30. c4 Nf6 31. d5 Ng4 32. Ne3 Qh5 33. Nxg4 Qxg4 34. Be5
Bh5 35. Qf4 Qg6 36. Qd2 Bf3 37. d6 Rd8 38. Qd5+ Kf8 39. Qb7 Bg5 40. Rc3 Qh6 41.
Rxf3 exf3 42. Qxf3 f4 43. c5 bxc5 44. bxc5 Re8 45. Bxf4 Bxf4 46. Qxf4+ Qxf4 47.
gxf4 Re6 48. Rc1 Ke8 49. c6 1-0

[Event "DVM U20 2014"]
[Site "Naumburg (Saale) GER"]
[Date "2014.12.28"]
[Round "4"]
[White "Eigemann, Julian"]
[Black "Andrä, Philipp"]
[Result "1-0"]
[Termination "normal"]
[Board "3.6"]
[WhiteElo "1913"]
[BlackElo "1869"]
[WhiteTeam "SG Porz"]
[BlackTeam "SG Solingen"]
[PlyCount "51"]
[WhiteFideId "24666599"]
[BlackFideId "1271844"]
[EventCountry "GER"]
[EventRounds "7"]
[EventType "team-swiss"]
[EventDate "2014.12.26"]

1. Nc3 e5 2. Nf3 Nc6 3. d4 exd4 4. Nxd4 Bb4 5. Nxc6 Bxc3+ 6. bxc3 bxc6 7. Qd4
Qf6 8. e4 a5 9. Rb1 d6 10. Bd3 Qg6 11. f4 c5 12. Bb5+ Kd8 13. Qe3 Rb8 14. f5
Qf6 15. Rb3 h6 16. O-O Qe5 17. Bb2 Qe7 18. c4 Nf6 19. Re1 Bb7 20. e5 Ng4 21.
Qg3 Nxe5 22. Bxe5 dxe5 23. Rxe5 Qf6 24. Rd3+ Kc8 25. Rxc5 Rd8 26. Qxc7# 1-0

[Event "DVM U20 2014"]
[Site "Naumburg (Saale) GER"]
[Date "2014.12.28"]
[Round "4"]
[White "Keller, Peter"]
[Black "Neef, Maximilian"]
[Result "0-1"]
[Termination "normal"]
[Board "4.1"]
[BlackTitle "FM"]
[WhiteElo "2057"]
[BlackElo "2353"]
[WhiteTeam "Frankfurter TV 1860"]
[BlackTeam "USV TU Dresden"]
[PlyCount "98"]
[WhiteFideId "1272105"]
[BlackFideId "24692085"]
[EventCountry "GER"]
[EventRounds "7"]
[EventType "team-swiss"]
[EventDate "2014.12.26"]

1. e4 e6 2. d4 d5 3. Nd2 c5 4. Ngf3 Nc6 5. exd5 exd5 6. Bb5 Bd6 7. O-O cxd4 8.
h3 Nge7 9. Nb3 O-O 10. Nbxd4 Bc7 11. Ne2 Ng6 12. Bd3 Re8 13. c3 Qd6 14. Bxg6
Qxg6 15. Kh1 Bf5 16. Nf4 Bxf4 17. Bxf4 Be4 18. Bg3 Qf5 19. Re1 Rad8 20. Kg1
Bxf3 21. Qxf3 Qxf3 22. gxf3 f6 23. Re3 Kf7 24. Rd1 d4 25. cxd4 Nxd4 26. Kg2 Ne6
27. Red3 Rxd3 28. Rxd3 Rd8 29. Rb3 Rd7 30. Bb8 a6 31. Ba7 Nf4+ 32. Kg3 Ne2+ 33.
Kg2 Nc1 34. Ra3 Nd3 35. Rb3 b5 36. Be3 Ne1+ 37. Kg3 Rd3 38. Rxd3 Nxd3 39. b3
Ke6 40. f4 Kf5 41. Kf3 Nb4 42. a4 Nc2 43. axb5 axb5 44. Ke2 Na1 45. b4 Nc2 46.
Bd2 Ke4 47. f3+ Kd4 48. h4 h5 49. f5 Kc4 0-1

[Event "DVM U20 2014"]
[Site "Naumburg (Saale) GER"]
[Date "2014.12.28"]
[Round "4"]
[White "Möhn, Hans"]
[Black "Diyap, Murat"]
[Result "1/2-1/2"]
[Termination "normal"]
[Board "4.2"]
[WhiteElo "2273"]
[BlackElo "1981"]
[WhiteTeam "USV TU Dresden"]
[BlackTeam "Frankfurter TV 1860"]
[PlyCount "81"]
[WhiteFideId "24647837"]
[BlackFideId "1272104"]
[EventCountry "GER"]
[EventRounds "7"]
[EventType "team-swiss"]
[EventDate "2014.12.26"]

1. Nf3 Nf6 2. c4 e6 3. g3 Be7 4. Bg2 O-O 5. O-O d5 6. d4 c6 7. Qc2 Nbd7 8. Rd1
b6 9. b3 Bb7 10. Nc3 Rc8 11. Bb2 Qc7 12. Rac1 c5 13. cxd5 Nxd5 14. Nxd5 Bxd5
15. e4 Ba8 16. d5 exd5 17. exd5 Qd6 18. Nd2 Qg6 19. Be4 f5 20. Bg2 Bf6 21. Nc4
Bxb2 22. Qxb2 f4 23. Rd2 Rcd8 24. Bh3 Qh5 25. Be6+ Kh8 26. Re1 Nf6 27. Qe5 fxg3
28. hxg3 Qh6 29. Kg2 Rde8 30. f3 Nxd5 31. Rxd5 Rxe6 32. Qxe6 Qxe6 33. Rxe6 Bxd5
34. Re3 Kg8 35. Ne5 Re8 36. Kf2 g6 37. f4 Re7 38. Rd3 Be6 39. Rd8+ Kg7 40. Ke3
Bf5 41. Rd6 1/2-1/2

[Event "DVM U20 2014"]
[Site "Naumburg (Saale) GER"]
[Date "2014.12.28"]
[Round "4"]
[White "Medvedovski, Michael"]
[Black "Gungl, Theo"]
[Result "1/2-1/2"]
[Termination "normal"]
[Board "4.3"]
[WhiteElo "1957"]
[BlackElo "2122"]
[WhiteTeam "Frankfurter TV 1860"]
[BlackTeam "USV TU Dresden"]
[PlyCount "182"]
[WhiteFideId "24600830"]
[BlackFideId "24695653"]
[EventCountry "GER"]
[EventRounds "7"]
[EventType "team-swiss"]
[EventDate "2014.12.26"]

1. e4 c5 2. Nf3 d6 3. d4 cxd4 4. Nxd4 Nf6 5. Nc3 a6 6. Be2 e6 7. O-O Qc7 8. f4
Be7 9. Kh1 Nc6 10. Be3 Bd7 11. a3 O-O 12. Qe1 Rfe8 13. Qg3 Bf8 14. Bd3 g6 15.
Rf3 Bg7 16. Nxc6 Bxc6 17. Qh3 b5 18. Re1 Qb7 19. Bd2 Rad8 20. Rf2 d5 21. e5 Nd7
22. Ne2 Nb6 23. Nd4 Nc4 24. Bc3 Bf8 25. g4 a5 26. b3 b4 27. axb4 axb4 28. Ba1
Bc5 29. Rg2 Nb6 30. f5 Ra8 31. fxg6 fxg6 32. Bb2 Ra2 33. Nxc6 Qxc6 34. Bc1 Nd7
35. Bg5 Rf8 36. Qh6 Rf7 37. Rg3 Bf8 38. Qh4 Bg7 39. Rh3 Bxe5 40. Kg1 Bd4+ 41.
Be3 Bxe3+ 42. Rexe3 Nf8 43. Rhf3 Raa7 44. Qe1 Qc5 45. Kg2 Qd4 46. Qg3 Rab7 47.
h3 Qg7 48. Qd6 d4 49. Rxf7 Rxf7 50. Re4 Qf6 51. Qxd4 Qf3+ 52. Kh2 Qd1 53. Qe3
Qa1 54. Bc4 Qd1 55. Qe2 Qd6+ 56. Kg2 Re7 57. Qe3 Qc6 58. Kg1 Qd6 59. Qd3 Qc7
60. Kg2 Kg7 61. Qd4+ Kg8 62. Qe5 Qc6 63. Kg3 Kf7 64. Rf4+ Kg8 65. Qf6 Qe8 66.
Re4 Qb8+ 67. Kh4 Qd6 68. Rd4 Qc7 69. Qf4 Qc8 70. Qd6 Kg7 71. Re4 Kf7 72. Rf4+
Kg8 73. Rf6 Rb7 74. Bxe6+ Nxe6 75. Qxe6+ Qxe6 76. Rxe6 Rc7 77. Rb6 Rxc2 78.
Rxb4 Rc7 79. Rb8+ Kg7 80. b4 Rc3 81. Rb7+ Kf6 82. g5+ Kf5 83. Rf7+ Ke5 84. b5
Rb3 85. Re7+ Kf5 86. Rf7+ Ke5 87. Re7+ Kf5 88. Rxh7 Rxb5 89. Kg3 Rb3+ 90. Kg2
Rb5 91. h4 Rb2+ 1/2-1/2